| 000 | 04836nab a2200457 4500 | ||
|---|---|---|---|
| 003 | BR-BrBNA | ||
| 005 | 20250821124924.0 | ||
| 008 | 250821b2021 bl.tr|pooa||| 00| 0 por | | ||
| 040 |
_aBR-BrBNA _bpor |
||
| 072 | _aF01 ; P06 ; E16 ; E21 | ||
| 100 | _aSouza, Micaele Rodrigues de | ||
| 100 | _aOliveira, Gabriel Duarte de | ||
| 100 | _aSousa, Rosinete Nogueira de | ||
| 100 | _aAlmeida, Tamyres Siglya Sousa de | ||
| 100 | _aSantos, Ana Elisa Esteves dos | ||
| 100 | _aSágio, Solange Aparecida | ||
| 245 | _aPrincipais cadeias produtivas para o desenvolvimento da agroenergia no Norte do Brasil: limitações e perspectivas | ||
| 500 | _aBibliography p. 405-409 (105 ref.); Summaries (En, Pt); 1 illus.; 1 table | ||
| 520 | _aMain production chains for the development of agroenergyin Northern Brazil: limitations and perspective. Research focused on bioenergy has been intensified in an attempt to meet the targets which were defined through the Kyoto Protocol (1997). Representing one of the branches of bioenergy are biofuels and among the links in the biofuel production chains, the agricultural link stands out for being the main component of the formulation of the final fuel price, thus there is a need to seek raw materials that collaborate to reduce prices, in addition to enabling the decentralization of production. The northern region of the country specifically, holds a wide variety of species which present themselves as viable options for reducing dependence on fossil fuels. Thus, studies aimed at the study of these chains and, especially, these links, are necessary in order to verify limiting factors as well as potential factors. Therefore, the objective was to elaborate a bibliographic review on the biodiesel and ethanol production chain, both focused on the limiting factors, potentials and perspectives for the development of agroenergy in the North region. It is concluded that the perspectives are positive for the development of agroenergy in the North region, through the verified cultures. However, factors contribute to the limitation of bottlenecks that demand technological development, planning and government incentives, in order to expand a biofuels production chain in the North region. Keyworks: bioenergy, feedstock, ethanol, biodiesel | ||
| 520 | _aPesquisas voltadas para a bioenergia foram intensificadas na tentativa de cumprir as metas definidas pelo Protocolo de Kyoto (1997). Os biocombustíveis representam um dos ramos da bioenergia e entre os elos da cadeia produtiva dos biocombustíveis, o elo agrícola se destaca por ser o principal componente da formulação do preço final do combustível, havendo assim a necessidade de se buscar matérias-primas que colaborem para a redução dos preços, além de possibilitar a descentralização da produção. A região Norte do Brasil, especificamente, detém uma ampla variedade de espécies, que se apresentam como opções viáveis para a redução da dependência de combustíveis fósseis. Desta forma, trabalhos voltados para o estudo das cadeias do biodiesel e do etanol, principalmente desses elos, são essenciais, a fim de verificar fatores limitantes, bem como suas potencialidades. Portanto, objetivou-se elaborar uma revisão bibliográfica sobre a cadeia produtiva do biodiesel e etanol, visando apontar os principais fatores limitantes, potenciais e perspectivas para o desenvolvimento da agroenergia na região Norte. Sendo possível concluir que as perspectivas são positivas para o desenvolvimento da agroenergia na região Norte, por meio das culturas descritas. No entanto, fatores contribuem para a limitação de gargalos que demandam desenvolvimento tecnológico, planejamento e incentivo governamental, a fim de expandira cadeia produtiva de biocombustíveis na região Norte. Palavras-chaves: bioenergia, matérias-primas, etanol, biodiesel | ||
| 650 | _aAGROENERGIA | ||
| 650 | _aCADEIA PRODUTIVA | ||
| 650 | _aBIOENERGIA | ||
| 650 | _aBIOCOMBUSTÍVEL | ||
| 650 | _aBIOMASSA | ||
| 650 | _aBIODIESEL | ||
| 650 | _aSOJA | ||
| 650 | _aDENDÊ | ||
| 650 | _aMACAÚBA | ||
| 650 | _aBABAÇU | ||
| 650 | _aETANOL | ||
| 650 | _aMANDIOCA | ||
| 650 | _aBATATA DOCE | ||
| 650 | _aSORGO | ||
| 650 | _aREGIÃO NORTE | ||
| 650 | _aCRESCIMENTO | ||
| 773 | 0 |
_04944 _9346130 _dUniversidade Federal de Tocantins. Centro de Monitoramento Ambiental e Manejo do Fogo 2010 _o2024-6778 _tJournal of Biotechnology and Biodiversity (Brazil) _x2179-4804 _gv. 9(4) p. 397-409; (2021) _wBR2025002053 |
|
| 856 | _uhttps://sistemas.uft.edu.br/periodicos/index.php/JBB/article/view/11310/19356 | ||
| 942 | _cANA | ||
| 999 |
_c337726 _d337726 |
||